| 000 -LEADER |
| fixed length control field |
01680nam a22001577a 4500 |
| 008 - FIXED-LENGTH DATA ELEMENTS--GENERAL INFORMATION |
| fixed length control field |
220212b ||||| |||| 00| 0 eng d |
| 100 ## - MAIN ENTRY--PERSONAL NAME |
| Personal name |
Driezen, A., Verschraegen, G. and Clycq, N. |
| 245 ## - TITLE STATEMENT |
| Title |
Religion and everyday cosmopolitanism among religious and non-religious urban youth |
| 260 ## - PUBLICATION, DISTRIBUTION, ETC. (IMPRINT) |
| Place of publication, distribution, etc |
Current Sociology |
| 300 ## - PHYSICAL DESCRIPTION |
| Extent |
69(6), Oct, 2021: p.785-805 |
| 520 ## - SUMMARY, ETC. |
| Summary, etc |
While there is ample research on everyday cosmopolitanism, the relation with religion is less understood. This study examines the difference in everyday cosmopolitanism between Muslim, Christian and non-religious urban youth. Further, it studies the influence of religiosity, religious identification and perceived discrimination on cosmopolitanism. A one-way ANOVA analysis was conducted on data from 1039 students in 17 secondary schools in the super-diverse city of Antwerp. Multilevel regression analysis was conducted on a sample of Muslim (n = 496) and Christian (n = 225) youth. The results indicate no difference between religious and non-religious youth regarding their everyday cosmopolitanism. Moreover, for Muslim youth, intrinsic religiosity is positively associated with cosmopolitan orientations, while religious identification and discrimination negatively effect cosmopolitanism. For Christian youth, religious factors do not explain their cosmopolitan orientations. Overall, the article suggests that scholars and policy makers should discuss the potential of religion to foster cosmopolitan orientations. – Reproduced |
| 650 ## - SUBJECT ADDED ENTRY--TOPICAL TERM |
| Topical term or geographic name as entry element |
Christianity, Everyday cosmopolitanism, Islam, Religiosity, Youth |
| 9 (RLIN) |
29757 |
| 773 ## - HOST ITEM ENTRY |
| Main entry heading |
Current Sociology |
| 906 ## - LOCAL DATA ELEMENT F, LDF (RLIN) |
| Subject DIP |
YOUTH |
| 942 ## - ADDED ENTRY ELEMENTS (KOHA) |
| Item type |
Articles |